| 000 | 00000cam 2200000zi 4500 |
| 001 | 9.945006 |
| 003 | CaOODSP |
| 005 | 20251218111515 |
| 006 | m o d f |
| 007 | cr mn||||||||| |
| 008 | 241108t20242024onc ob f000 0 eng d |
| 020 | |a9780660744131 |
| 040 | |aCaOODSP|beng|erda|cCaOODSP |
| 043 | |an-cn--- |
| 045 | |ay1y2 |
| 086 | 1 |aCS372-00001/2024-3E-PDF |
| 245 | 00|aPersistence and graduation indicators of postsecondary students, 2011/2012 to 2022/2023. |
| 264 | 1|a[Ottawa] : |bStatistics Canada = Statistique Canada, |c2024. |
| 264 | 4|c©2024 |
| 300 | |a1 online resource (14 pages). |
| 336 | |atext|btxt|2rdacontent |
| 337 | |acomputer|bc|2rdamedia |
| 338 | |aonline resource|bcr|2rdacarrier |
| 490 | 0 |aTechnical reference guides for the Education and Labour Market Longitudinal Platform (ELMLP) |
| 500 | |aCover title. |
| 500 | |a"Release date: December 11, 2024." |
| 500 | |aIssued also in French under title: Indicateurs de la persévérance et de la diplomation des étudiants postsecondaires, de 2011-2012 à 2022-2023. |
| 504 | |aIncludes bibliographical references. |
| 520 | |a"Each year, Statistics Canada releases data on the postsecondary education pathways of college and university students using data from the Education and Labour Market Longitudinal Platform (ELMLP)"--Introduction, page 4. |
| 650 | 0|aCollege students|zCanada|xStatistics. |
| 650 | 0|aCollege attendance|zCanada|xStatistics. |
| 650 | 0|aCollege graduates|zCanada|xStatistics. |
| 650 | 0|aEducational indicators|zCanada. |
| 710 | 2 |aStatistics Canada, |eissuing body. |
| 775 | 08|tIndicateurs de la persévérance et de la diplomation des étudiants postsecondaires, de 2011-2012 à 2022-2023.|w(CaOODSP)9.945007 |
| 856 | 40|qPDF|s317 KB|uhttps://publications.gc.ca/collections/collection_2024/statcan/37-20-0001/372000012024003-eng.pdf |
| 856 | 4 |qHTML|sN/A|uhttps://www150.statcan.gc.ca/n1/pub/37-20-0001/372000012024003-eng.htm |
| 986 | |a37200001 |